| 000 | 00891nam a22002897a 4500 | ||
|---|---|---|---|
| 001 | BR9403602 | ||
| 003 | BR-BrBNA | ||
| 005 | 20230928094048.0 | ||
| 007 | ta | ||
| 008 | 230509b bl.||||| |||| 00| 0 por d | ||
| 040 |
_aBR-BrBNA _bpor _cBiblioteca Nacional de Agricultura |
||
| 041 | _a(Por) | ||
| 072 |
_aF01; F04; L02 _b1910 |
||
| 090 | _ 1910 BR9403602 | ||
| 100 | 1 | _aPrimo, A.T. | |
| 110 | 1 |
_aConselho Nacional de Desenvolvimento da Pecuaria, Brasilia, DF (Brasil) _92664 |
|
| 245 | 1 | _aPrograma de pastagens sob tecnicas modernas. Programa de avaliacao de ajustamento da tecnologia e metodologia de projetos. Manual tecnico | |
| 260 | 3 |
_aBrasilia, DF (Brasil): _c[nd]. |
|
| 300 | _a131 p. | ||
| 500 | _a41 illus. | ||
| 650 | _aPastagem | ||
| 650 | _aAdubacao | ||
| 650 | _aPlanta Forrageira | ||
| 650 | _aPastejo | ||
| 909 |
_a202309 _bLucia _c55 _dLucia Elande |
||
| 942 | _cBK | ||
| 999 |
_c48662 _d48662 |
||